[Event "SR 2. liga A 2014/2015"]
[Site "?"]
[Date "2015.02.15"]
[Round "9.3"]
[White "Mackovic, Matus"]
[Black "Macko, Miroslav"]
[Result "1/2-1/2"]
[WhiteElo "1949"]
[BlackElo "2010"]
[PlyCount "57"]
[EventDate "2014.??.??"]

1. e4 e5 2. Nf3 Nc6 3. Bb5 f5 4. d3 fxe4 5. dxe4 Nf6 6. Nc3 Bc5 7. h3 d6 8. Qe2
O-O 9. Be3 Nd4 10. Nxd4 exd4 11. Bxd4 Bxd4 12. Qc4+ d5 13. Qxd4 Nxe4 14. Nxe4
dxe4 15. Bc4+ Kh8 16. Qxd8 Rxd8 17. Ke2 Bf5 18. c3 h6 19. Rad1 g5 20. Rxd8+
Rxd8 21. Rd1 Rxd1 22. Kxd1 Kg7 23. Ke2 Kf6 24. Ke3 Ke5 25. Bb3 b6 26. Bc2 Be6
27. a3 Bd5 28. Bd1 Bc6 29. Bc2 1/2-1/2

[Event "SR 2. liga A 2014/2015"]
[Site "?"]
[Date "2015.02.15"]
[Round "9.3"]
[White "Vrtiakova, Anna"]
[Black "Mackovic, Miroslav"]
[Result "1/2-1/2"]
[WhiteElo "1966"]
[BlackElo "1846"]
[PlyCount "113"]
[EventDate "2014.??.??"]

1. e4 c5 2. Nf3 d6 3. Bb5+ Nc6 4. d4 cxd4 5. Nxd4 Bd7 6. Bxc6 bxc6 7. c4 g6 8.
O-O Bg7 9. Nc3 Rb8 10. Qd3 Nf6 11. f3 O-O 12. Be3 c5 13. Nb3 Be6 14. Qe2 Nd7
15. Rfd1 Qe8 16. Nd5 Nb6 17. Rac1 Rc8 18. Rc2 Na4 19. Nc1 f5 20. Nd3 fxe4 21.
fxe4 Qd7 22. h3 Bxd5 23. exd5 Rb8 24. Re1 Rf7 25. Bc1 Rbf8 26. b3 Nb6 27. Qe4
Qf5 28. Qxf5 gxf5 29. Rce2 Bf6 30. Nf4 Nd7 31. Ne6 Rc8 32. Rf1 Be5 33. Ng5 Rf6
34. Nf3 Rf7 35. Nxe5 dxe5 36. Bb2 e4 37. g4 fxg4 38. Rxf7 Kxf7 39. Rxe4 gxh3
40. Kh2 Nf8 41. Kxh3 e6 42. Rf4+ Kg8 43. Rg4+ Ng6 44. dxe6 Re8 45. Re4 Rxe6 46.
Rxe6 Nf4+ 47. Kg4 Nxe6 48. Kf5 Kf7 49. a3 Ke7 50. b4 a6 51. Bc3 Kd6 52. Be5+
Kd7 53. bxc5 Nxc5 54. Kg5 Ke6 55. Bd4 Nb3 56. Bc3 a5 57. Bxa5 1/2-1/2

[Event "SR 2. liga A 2014/2015"]
[Site "?"]
[Date "2015.02.15"]
[Round "9.3"]
[White "Capanda, Jan"]
[Black "Macko, Peter"]
[Result "0-1"]
[WhiteElo "1762"]
[BlackElo "1900"]
[PlyCount "178"]
[EventDate "2014.??.??"]

1. e4 e5 2. Nf3 Nc6 3. Bc4 Nf6 4. d3 Bc5 5. h3 d6 6. Nc3 Be6 7. Bb3 Qd7 8. Bg5
O-O-O 9. Nd5 Bxd5 10. exd5 Nd4 11. Nxd4 Bxd4 12. c3 Bxf2+ 13. Kxf2 Qf5+ 14. Qf3
Qxg5 15. Rhf1 Nh5 16. Kg1 Nf4 17. d4 f6 18. Rf2 h5 19. Kh2 h4 20. c4 Rh6 21. c5
Rg6 22. c6 Qg3+ 23. Kh1 b6 24. Raf1 Qxf3 25. Rxf3 Ne2 26. dxe5 dxe5 27. Re1 Nd4
28. Rd3 Rh8 29. Bd1 Kd8 30. Bg4 Nb5 31. Bd7 Rh5 32. a4 Nd6 33. b4 e4 34. Rd4
Rg3 35. Rdxe4 Nxe4 36. Rxe4 Re5 37. Rxh4 Rxd5 38. Rh8+ Ke7 39. Re8+ Kf7 40. Kh2
Ra3 41. Rc8 Rxa4 42. Rxc7 Ke7 43. Rb7 Kd6 44. Be8 Rxb4 45. Rxa7 g5 46. Rf7 Rf4
47. Rb7 b5 48. c7 Rc5 49. Rxb5 Rxc7 50. Bh5 Rc2 51. Rb3 Ke5 52. Kg3 Kd4 53. Bf3
Rc3 54. Rb6 Ke5 55. Rb5+ Ke6 56. Rb6+ Kf5 57. Rb5+ Kg6 58. Ra5 Rb4 59. Ra6 Rf4
60. Rb6 Rf5 61. Rb4 Ra5 62. Rb6 Kf5 63. Rb4 Ke5 64. h4 gxh4+ 65. Rxh4 f5 66.
Rb4 Ra7 67. Rb5+ Kf6 68. Rb6+ Kg5 69. Rb5 Ra4 70. Rd5 Rac4 71. Ra5 Rc5 72. Ra4
R3c4 73. Ra8 f4+ 74. Kh3 Rc8 75. Kh2 Rxa8 76. Bxa8 Kh4 77. Bb7 Rc3 78. Ba8 Kg4
79. Bb7 Kf5 80. Bf3 Ke5 81. Kg1 Kd4 82. Kf2 Rc2+ 83. Kg1 Ke3 84. Kh1 Rc7 85.
Kg1 Rc1+ 86. Kh2 Kf2 87. Kh3 Rc3 88. Kg4 Rxf3 89. gxf3 Ke3 0-1

[Event "SR 2. liga A 2014/2015"]
[Site "?"]
[Date "2015.02.15"]
[Round "9.4"]
[White "Smolen, Jan"]
[Black "Liptak, Tomas"]
[Result "1-0"]
[WhiteElo "2453"]
[BlackElo "2168"]
[PlyCount "109"]
[EventDate "2014.??.??"]

1. e4 c5 2. Nc3 d6 3. f4 g6 4. d4 cxd4 5. Qxd4 Nf6 6. e5 Nc6 7. Bb5 dxe5 8.
Qxd8+ Kxd8 9. fxe5 Nxe5 10. Bf4 Nc6 11. O-O-O+ Ke8 12. Nf3 Bd7 13. Ne5 Rd8 14.
Bxc6 bxc6 15. Rd2 Ng4 16. Re1 f6 17. Nc4 e5 18. h3 Bh6 19. Bxh6 Nxh6 20. Red1
Nf7 21. Ne4 Ke7 22. Na5 Be8 23. Rxd8 Nxd8 24. Nxf6 h5 25. Ne4 Bf7 26. c4 Rf8
27. Kd2 Be6 28. Ke3 Bd7 29. Nc5 Be8 30. Rxd8 Kxd8 31. Ne6+ Ke7 32. Nxf8 Kxf8
33. Ke4 Ke7 34. Kxe5 Bd7 35. h4 Be8 36. c5 Bd7 37. b4 Be8 38. g3 Bd7 39. a3 Be8
40. Nb7 Bd7 41. Nd6 a6 42. a4 Bg4 43. b5 cxb5 44. axb5 axb5 45. Nxb5 Bf3 46.
Nd4 Bh1 47. Ne6 Bc6 48. Nf4 Kf7 49. Nd5 Bb5 50. Kf4 Bc4 51. Nb6 Bb5 52. Kg5 Be8
53. Nd5 Kg7 54. Nf4 Kh7 55. Ne6 1-0

[Event "SR 2. liga A 2014/2015"]
[Site "?"]
[Date "2015.02.15"]
[Round "9.4"]
[White "Szitkey, Milan"]
[Black "Sosovicka, Juraj"]
[Result "1/2-1/2"]
[WhiteElo "2151"]
[BlackElo "2215"]
[PlyCount "102"]
[EventDate "2014.??.??"]

1. e4 e5 2. Nf3 Nc6 3. Bb5 f5 4. Nc3 fxe4 5. Bxc6 dxc6 6. Nxe4 Nf6 7. Qe2 Bd6
8. d4 Bg4 9. Bg5 Qe7 10. Nxd6+ cxd6 11. dxe5 Bxf3 12. gxf3 Qxe5 13. Qxe5+ dxe5
14. O-O-O O-O 15. Rhe1 Rae8 16. Rd3 h6 17. Bh4 Nd5 18. Bg3 Rf5 19. c4 Nb6 20.
b3 h5 21. h4 Kf7 22. Rde3 Nd7 23. f4 e4 24. Rxe4 Rxe4 25. Rxe4 Nc5 26. Rd4 Ke7
27. Kd2 g6 28. Ke3 Ne6 29. Rd2 Rf8 30. Ke4 Nc5+ 31. Kf3 Rf6 32. Re2+ Re6 33.
Re5 Nd3 34. Re3 Ne1+ 35. Ke2 Nc2 36. Re5 Nd4+ 37. Kd3 Nf5 38. Ke4 Nd6+ 39. Kd3
Nf5 40. Ke4 Nd6+ 41. Kd3 Kf6 42. a4 Nf7 43. Rxe6+ Kxe6 44. a5 a6 45. Kd4 Nh6
46. Kc5 Kd7 47. b4 Nf5 48. b5 Kc7 49. Bh2 cxb5 50. cxb5 axb5 51. Kxb5 Kd7
1/2-1/2

[Event "SR 2. liga A 2014/2015"]
[Site "?"]
[Date "2015.02.15"]
[Round "9.4"]
[White "Oprea, Erik"]
[Black "Arendas, Marek"]
[Result "0-1"]
[WhiteElo "2163"]
[BlackElo "2104"]
[PlyCount "44"]
[EventDate "2014.??.??"]

1. f4 d5 2. Nf3 Nf6 3. b3 c5 4. Bb2 Nc6 5. g3 g6 6. Bg2 Bg7 7. O-O O-O 8. h3 d4
9. c4 Qc7 10. e3 e5 11. Na3 Re8 12. Kh2 exf4 13. exd4 fxg3+ 14. Kh1 Ne4 15. Qc2
cxd4 16. Nb5 Qf4 17. Rae1 Nf2+ 18. Kg1 Bxh3 19. Bxh3 Nxh3+ 20. Kg2 Qg4 21. d3
Nf4+ 22. Kg1 g2 0-1

[Event "SR 2. liga A 2014/2015"]
[Site "?"]
[Date "2015.02.15"]
[Round "9.4"]
[White "Puskar, Peter"]
[Black "Hricak, Vasil"]
[Result "1-0"]
[WhiteElo "2051"]
[BlackElo "2090"]
[PlyCount "53"]
[EventDate "2014.??.??"]

1. d4 d6 2. c4 e5 3. d5 f5 4. Nc3 Nf6 5. g3 Be7 6. Bg2 O-O 7. Nf3 h6 8. O-O a5
9. e4 Na6 10. Be3 Ng4 11. Ne1 Nxe3 12. fxe3 Bg5 13. Qe2 f4 14. exf4 exf4 15.
Nd3 fxg3 16. hxg3 Bf6 17. e5 dxe5 18. Ne4 Be7 19. Rxf8+ Bxf8 20. Rf1 Qe8 21.
Bf3 Bf5 22. Bh5 Qc8 23. Nxe5 Bxe4 24. Bf7+ Kh8 25. Qxe4 Bc5+ 26. Kh2 g5 27. Be6
1-0

[Event "SR 2. liga A 2014/2015"]
[Site "?"]
[Date "2015.02.15"]
[Round "9.4"]
[White "Szollos, Ondrej"]
[Black "Stetina, Erik"]
[Result "1-0"]
[WhiteElo "1972"]
[BlackElo "2051"]
[PlyCount "69"]
[EventDate "2014.??.??"]

1. Nf3 Nf6 2. d3 g6 3. c3 Bg7 4. e4 d6 5. Be2 O-O 6. O-O c5 7. Nbd2 Nc6 8. Re1
Rb8 9. Nf1 b5 10. Ng3 b4 11. cxb4 Nxb4 12. d4 cxd4 13. Nxd4 Bb7 14. a3 Nc6 15.
Be3 Nxd4 16. Bxd4 Bxe4 17. Bxf6 Bxf6 18. Nxe4 Bxb2 19. Ra2 d5 20. Qd2 Bg7 21.
Nc5 Qd6 22. Rc2 Rfd8 23. a4 e5 24. Rd1 f5 25. Na6 Rb7 26. Bb5 d4 27. Rc6 Qe7
28. Qa2+ Kh8 29. Qc4 Bh6 30. Nc7 Rg8 31. Re1 Bg7 32. Ne6 Bf6 33. Nxd4 Rd7 34.
Nc2 Rgd8 35. Re6 1-0

[Event "SR 2. liga A 2014/2015"]
[Site "?"]
[Date "2015.02.15"]
[Round "9.4"]
[White "Puchart, Vladimir"]
[Black "Kucera, Michal"]
[Result "1-0"]
[WhiteElo "2031"]
[BlackElo "1934"]
[PlyCount "106"]
[EventDate "2014.??.??"]

1. d4 Nf6 2. c4 e6 3. g3 d5 4. Bg2 Be7 5. Nc3 O-O 6. Nf3 dxc4 7. Qa4 a6 8. Qxc4
b5 9. Qb3 Bb7 10. O-O Qc8 11. Be3 Nd5 12. Nxd5 Bxd5 13. Qc2 Qb7 14. Rac1 Rc8
15. Ne1 Bxg2 16. Nxg2 c6 17. Nf4 Nd7 18. Nd3 Bd6 19. Bf4 Be7 20. Be3 Bd6 21.
Rfd1 a5 22. Bf4 Be7 23. Be3 g6 24. Qd2 Bd6 25. Bf4 Be7 26. Bg5 Bd6 27. Qe3 Bf8
28. Bh6 Bxh6 29. Qxh6 Qb6 30. Qg5 Ra7 31. Nc5 Nf8 32. Ne4 Qc7 33. h4 Qe7 34.
Nf6+ Kg7 35. Nh5+ Kg8 36. Nf6+ Kg7 37. Ne4 Qxg5 38. hxg5 Rd7 39. e3 Rdd8 40.
Rd2 h6 41. gxh6+ Kxh6 42. Rdc2 f5 43. Nc3 Rb8 44. Ne2 Rb6 45. Rxc6 Rdb8 46. Rc7
R6b7 47. Rxb7 Rxb7 48. Rc6 Kg7 49. Nf4 Kf7 50. Nd3 Nd7 51. Kf1 Ke7 52. Ke2 Rb6
53. Ne5 Kf6 1-0

[Event "SR 2. liga A 2014/2015"]
[Site "?"]
[Date "2015.02.15"]
[Round "9.4"]
[White "Hurban, Martin"]
[Black "Doucha, Ludvik"]
[Result "1/2-1/2"]
[WhiteElo "1930"]
[BlackElo "2006"]
[PlyCount "85"]
[EventDate "2014.??.??"]

1. e4 e5 2. Nf3 d6 3. d4 exd4 4. Nxd4 g6 5. Be3 Bg7 6. Bc4 Nf6 7. Nc3 O-O 8. f3
Nc6 9. Nxc6 bxc6 10. Qd2 Be6 11. Bb3 Re8 12. O-O-O Bxb3 13. cxb3 Qb8 14. Bh6
Bh8 15. h4 Qb4 16. g4 a5 17. h5 Nd7 18. Be3 Nc5 19. Bd4 Bxd4 20. Qxd4 Qxd4 21.
Rxd4 Rab8 22. Kb1 Rb4 23. Rd2 g5 24. Ne2 Kg7 25. Rc1 Kf6 26. Nd4 Rb6 27. Rc3
Ke5 28. a3 f6 29. b4 axb4 30. axb4 Ne6 31. Nxc6+ Kf4 32. Rd5 Rf8 33. Kc1 Rf7
34. Kd2 Kg3 35. Nd4 Nxd4 36. Rxd4 c5 37. bxc5 dxc5 38. Rxc5 Rxb2+ 39. Kc1 Rf2
40. e5 Ra7 41. Kb1 Rb7+ 42. Ka1 Ra7+ 43. Kb1 1/2-1/2

[Event "SR 2. liga A 2014/2015"]
[Site "?"]
[Date "2015.02.15"]
[Round "9.4"]
[White "Kolenak, Matus"]
[Black "Lobodas, Andrej"]
[Result "1-0"]
[WhiteElo "1977"]
[BlackElo "1914"]
[PlyCount "83"]
[EventDate "2014.??.??"]

1. e4 e6 2. d4 d5 3. Nd2 Nf6 4. e5 Nfd7 5. Bd3 c5 6. c3 Nc6 7. Ne2 b6 8. O-O
Bb7 9. f4 Qc7 10. Nf3 Be7 11. f5 O-O-O 12. fxe6 fxe6 13. Nf4 Nf8 14. h4 Kb8 15.
Be3 c4 16. Bc2 Re8 17. Ng5 Bxg5 18. hxg5 Qe7 19. Qg4 g6 20. Qg3 Qg7 21. Rae1
Ne7 22. Qf2 h5 23. gxh6 Qxh6 24. Nh3 Qh7 25. Qf7 Bc6 26. Qxh7 Rxh7 27. Ng5 Rh8
28. Nf7 Rg8 29. Nd6 Rd8 30. Bg5 Rd7 31. Bh6 Rd8 32. g4 Nd7 33. Bg5 Rde8 34.
Nxe8 Rxe8 35. Rf7 Nc8 36. Rg7 Nf8 37. Rf1 b5 38. Rff7 Bd7 39. Rxd7 Nxd7 40.
Rxd7 Rg8 41. Bf6 a5 42. Rg7 1-0

[Event "SR 2. liga A 2014/2015"]
[Site "?"]
[Date "2015.02.15"]
[Round "9.5"]
[White "Bury, Rastislav"]
[Black "Cech, Dominik"]
[Result "1/2-1/2"]
[WhiteElo "2147"]
[BlackElo "2119"]
[PlyCount "103"]
[EventDate "2014.??.??"]

1. d4 Nf6 2. c4 c5 3. d5 b5 4. cxb5 a6 5. bxa6 Bxa6 6. Nc3 g6 7. e4 Bxf1 8.
Kxf1 d6 9. g3 Bg7 10. Kg2 O-O 11. Nf3 Nbd7 12. h3 Ra6 13. Re1 Qa8 14. Re2 Rb8
15. Be3 Ne8 16. Qc2 Nc7 17. b3 f5 18. exf5 Nxd5 19. Nxd5 Qxd5 20. Rd1 Qc6 21.
Qc4+ Kh8 22. fxg6 Ne5 23. Qd5 Qxd5 24. Rxd5 hxg6 25. Nxe5 Bxe5 26. Bxc5 Rb5 27.
a4 Rxb3 28. Bd4 Bxd4 29. Rxd4 e5 30. Rc4 Kg7 31. f4 Kf6 32. fxe5+ dxe5 33. Ra2
Ke6 34. Re2 Kd5 35. Rce4 Re6 36. R2e3 Rb2+ 37. Kf3 Rf6+ 38. Kg4 Rf5 39. h4 Rd2
40. a5 Ra2 41. Kh3 Rxa5 42. g4 Rf3+ 43. Rxf3 Kxe4 44. Rf6 Ra3+ 45. Kg2 Ra2+ 46.
Rf2 Rxf2+ 47. Kxf2 Kf4 48. h5 gxh5 49. gxh5 Kg5 50. Ke3 Kxh5 51. Ke4 Kg5 52.
Kxe5 1/2-1/2

[Event "SR 2. liga A 2014/2015"]
[Site "?"]
[Date "2015.02.15"]
[Round "9.5"]
[White "Helbich, Branislav"]
[Black "Jablonicky, Frantisek"]
[Result "1/2-1/2"]
[WhiteElo "2027"]
[BlackElo "2126"]
[PlyCount "41"]
[EventDate "2014.??.??"]

1. e4 c6 2. d4 d5 3. e5 Bf5 4. g4 Bg6 5. h4 h5 6. g5 e6 7. Ne2 Be4 8. Rh3 Ne7
9. Nd2 Bf5 10. Rh2 g6 11. Nb3 Nd7 12. Ng3 Qc7 13. Be3 Bg4 14. f3 Nf5 15. Nxf5
Bxf5 16. Qd2 a5 17. a3 a4 18. Nc1 c5 19. c3 c4 20. Ne2 Bd3 21. Ng3 1/2-1/2

[Event "SR 2. liga A 2014/2015"]
[Site "?"]
[Date "2015.02.15"]
[Round "9.5"]
[White "Jozefek, Michal"]
[Black "Polacik, Igor"]
[Result "1/2-1/2"]
[WhiteElo "2064"]
[BlackElo "2173"]
[PlyCount "44"]
[EventDate "2014.??.??"]

1. d4 Nf6 2. c4 g6 3. Nc3 d5 4. cxd5 Nxd5 5. e4 Nxc3 6. bxc3 Bg7 7. Bc4 c5 8.
Ne2 O-O 9. Be3 cxd4 10. cxd4 Nc6 11. O-O Na5 12. Bd3 b6 13. Rc1 e6 14. Qd2 Bb7
15. Bh6 Qd7 16. Bxg7 Kxg7 17. Qf4 Rac8 18. e5 Nc6 19. Rfd1 Nb4 20. Bc4 Bd5 21.
Qf6+ Kg8 22. Nf4 Rxc4 1/2-1/2

[Event "SR 2. liga A 2014/2015"]
[Site "?"]
[Date "2015.02.15"]
[Round "9.5"]
[White "Krajnak, Robert"]
[Black "Spacek, Oliver"]
[Result "0-1"]
[WhiteElo "2103"]
[BlackElo "2011"]
[PlyCount "100"]
[EventDate "2014.??.??"]

1. c4 g6 2. Nf3 Bg7 3. Nc3 e5 4. g3 b6 5. Bg2 Bb7 6. O-O Ne7 7. d4 exd4 8. Nb5
a6 9. Nbxd4 O-O 10. Bg5 h6 11. Bf4 d5 12. cxd5 Bxd5 13. b4 g5 14. Be3 c5 15.
bxc5 bxc5 16. Nb3 c4 17. Nbd4 Nbc6 18. Rc1 Rc8 19. Qc2 Bxd4 20. Nxd4 Bxg2 21.
Rfd1 Bd5 22. h4 Nxd4 23. Bxd4 f6 24. e4 Be6 25. Bxf6 Qxd1+ 26. Rxd1 Rxf6 27.
hxg5 hxg5 28. Rd6 g4 29. Qc3 Kf7 30. Rxa6 Nc6 31. a4 Rf3 32. Qc1 c3 33. Rb6 Rc7
34. Qh6 c2 35. Qh7+ Ke8 36. Rb8+ Rc8 37. Qg6+ Kd7 38. Rb7+ Rc7 39. Qg7+ Rf7 40.
Rxc7+ Kxc7 41. Qc3 Bb3 42. a5 Rd7 43. Kg2 Rd4 44. a6 Rc4 45. Qg7+ Kb6 46. Qb7+
Kc5 47. a7 Nxa7 48. Qxa7+ Kb4 49. Qb6+ Ka3 50. Qa5+ Ba4 0-1

[Event "SR 2. liga A 2014/2015"]
[Site "?"]
[Date "2015.02.15"]
[Round "9.5"]
[White "Jablonicky, Martin"]
[Black "Nemsak, Denis"]
[Result "1-0"]
[WhiteElo "1949"]
[BlackElo "1957"]
[PlyCount "63"]
[EventDate "2014.??.??"]

1. d4 f5 2. e4 fxe4 3. Nc3 Nf6 4. Bg5 c6 5. f3 Qb6 6. Qd2 exf3 7. Nxf3 Qxb2 8.
Rb1 Qa3 9. Ne5 Qa5 10. Bd3 d6 11. Nc4 Qc7 12. O-O Be6 13. Bxf6 gxf6 14. Qe2 Bf7
15. Rxf6 Bxc4 16. Bxc4 d5 17. Bxd5 Bg7 18. Bf7+ Kd8 19. Rf3 Bxd4+ 20. Kh1 e5
21. Ne4 Qe7 22. Qd2 Kc7 23. Bc4 Rf8 24. Rxf8 Qxf8 25. Rf1 Qa3 26. c3 b5 27.
Bxb5 cxb5 28. cxd4 exd4 29. Qxd4 Nc6 30. Rf7+ Ne7 31. Qe5+ Kb6 32. h3 1-0

[Event "SR 2. liga A 2014/2015"]
[Site "?"]
[Date "2015.02.15"]
[Round "9.5"]
[White "Falticko, Pavol"]
[Black "Polasek, Filip"]
[Result "0-1"]
[WhiteElo "1921"]
[BlackElo "2122"]
[PlyCount "118"]
[EventDate "2014.??.??"]

1. e4 e5 2. Nf3 Nc6 3. Bb5 a6 4. Ba4 Nf6 5. O-O Be7 6. Re1 b5 7. Bb3 O-O 8. c3
d5 9. exd5 Nxd5 10. Nxe5 Nxe5 11. Rxe5 Nf6 12. d4 Bd6 13. Bg5 Bxe5 14. dxe5
Qxd1+ 15. Bxd1 Ne4 16. Bf3 Bf5 17. Bxe4 Bxe4 18. Nd2 Bd5 19. Nf1 h6 20. Bh4 g5
21. Bg3 Rfd8 22. e6 Bxe6 23. Bxc7 Rd7 24. Bb6 Rc8 25. Bd4 b4 26. a3 bxc3 27.
Bxc3 Rcd8 28. Ne3 f5 29. f3 f4 30. Nc2 Rd1+ 31. Rxd1 Rxd1+ 32. Kf2 Kf7 33. Nd4
Bc4 34. g3 fxg3+ 35. hxg3 h5 36. Nc6 Ke6 37. Nd4+ Kd5 38. Nf5 Kc5 39. Ne3 Rd3
40. Bf6 Rd2+ 41. Kg1 Bd5 42. Nxd5 Kxd5 43. Bxg5 Rxb2 44. g4 hxg4 45. fxg4 Rb3
46. Kf2 Rxa3 47. Bf6 Ke4 48. Ke2 Rd3 49. g5 Rd6 50. Bc3 Kf5 51. Bd2 Rd5 52. Kd1
Rc5 53. Be3 Rc6 54. Bd2 Ke4 55. Ke2 Rg6 56. Kd1 Kd3 57. Bf4 Rc6 58. Bd2 Rc2 59.
Ba5 Ra2 0-1

[Event "SR 2. liga A 2014/2015"]
[Site "?"]
[Date "2015.02.15"]
[Round "9.5"]
[White "Danada, Ondrej"]
[Black "Magyar, Frantisek"]
[Result "0-1"]
[WhiteElo "1870"]
[BlackElo "1993"]
[PlyCount "112"]
[EventDate "2014.??.??"]

1. d4 Nf6 2. c4 g6 3. Nc3 Bg7 4. e4 O-O 5. Be2 d6 6. Nf3 e5 7. O-O Nc6 8. d5
Ne7 9. Ne1 Nd7 10. Be3 b6 11. a4 a5 12. f3 f5 13. g4 f4 14. Bf2 g5 15. Nb5 Nf6
16. h4 gxh4 17. Bxh4 Ng6 18. Bxf6 Bxf6 19. Rf2 Bh4 20. Rh2 Bg3 21. Rh5 Bd7 22.
Nd3 Rf7 23. Qf1 Rg7 24. Qh3 Be8 25. Nf2 Bh4 26. Kg2 Bg5 27. Rh1 Nf8 28. Qh2
Bxh5 29. Qxh5 Nd7 30. Nc3 Nf6 31. Qh2 Qe7 32. c5 dxc5 33. Bc4 Kh8 34. Nd3 Rd8
35. Kf1 Ne8 36. Bb5 Rd6 37. Qh5 Rh6 38. Qxh6 Bxh6 39. Rxh6 Nd6 40. Re6 Qh4 41.
Nxe5 Qh1+ 42. Kf2 Qh2+ 43. Kf1 Qxb2 44. Ne2 Nxb5 45. axb5 a4 46. Nc4 Qc2 47.
Nxb6 cxb6 48. Rxb6 a3 49. Ra6 a2 50. Nxf4 Qc1+ 51. Kg2 a1=Q 52. Rxa1 Qxa1 53.
Ne6 Qb2+ 54. Kh3 Qxb5 55. Nxg7 Kxg7 56. e5 c4 0-1

[Event "SR 2. liga A 2014/2015"]
[Site "?"]
[Date "2015.02.15"]
[Round "9.5"]
[White "Fuchs, Ladislav"]
[Black "Skapik, Branislav"]
[Result "1-0"]
[WhiteElo "1892"]
[BlackElo "1822"]
[PlyCount "101"]
[EventDate "2014.??.??"]

1. e4 e5 2. Nf3 Nc6 3. Bb5 a6 4. Ba4 Nf6 5. O-O b5 6. Bb3 Be7 7. Re1 O-O 8. c3
d6 9. h3 Na5 10. Bc2 c5 11. d4 Qc7 12. Nbd2 Re8 13. Nf1 Bf8 14. Ng3 Nc6 15. Bg5
Be7 16. Rc1 Nd7 17. d5 Nd8 18. Bxe7 Rxe7 19. Nf5 Re8 20. c4 Nf8 21. Bd3 Bxf5
22. exf5 bxc4 23. Rxc4 f6 24. Ra4 Nf7 25. Qc2 Qb7 26. b3 Nd7 27. Be4 Nb6 28.
Ra5 Rec8 29. h4 Qc7 30. Ra3 Qd8 31. Nd2 Rcb8 32. Nc4 Nxc4 33. bxc4 Rb4 34. Rb3
a5 35. Reb1 Rab8 36. a3 Rxb3 37. Rxb3 Rxb3 38. Qxb3 Qc7 39. Qb5 Kf8 40. Bc2 Ke7
41. Ba4 Qd8 42. Qb7+ Kf8 43. Bd7 Qe7 44. Qb5 Nd8 45. Be6 Qc7 46. Kh2 Nxe6 47.
fxe6 Ke7 48. Qa6 f5 49. Qa8 h6 50. Qg8 Kf6 51. Qf8+ 1-0

[Event "SR 2. liga A 2014/2015"]
[Site "?"]
[Date "2015.02.15"]
[Round "9.6"]
[White "Federic, Jozef"]
[Black "Levay, Sorin"]
[Result "1/2-1/2"]
[WhiteElo "2305"]
[BlackElo "2347"]
[PlyCount "101"]
[EventDate "2014.??.??"]

1. d4 d6 2. Nf3 Bg4 3. Nbd2 e6 4. e4 Nf6 5. Bd3 Be7 6. c3 c6 7. Qc2 Bh5 8. O-O
Bg6 9. e5 Bxd3 10. Qxd3 dxe5 11. Nxe5 Nbd7 12. Qg3 g6 13. Ndc4 Nh5 14. Qf3 Nxe5
15. Nxe5 O-O 16. Bh6 Ng7 17. Rfe1 Qd5 18. Qg4 f5 19. Qe2 Bf6 20. Nd3 Rfe8 21.
Nf4 Qd6 22. Qc4 Kf7 23. Nh3 Qd5 24. Qb4 Qb5 25. Qxb5 cxb5 26. Bg5 Rad8 27. a3
Nh5 28. Bxf6 Kxf6 29. Re5 Rd5 30. Rae1 Rxe5 31. Rxe5 a6 32. f3 Ng7 33. Kf2 g5
34. g4 h6 35. Ke2 Rh8 36. Nf2 h5 37. h3 hxg4 38. hxg4 Rd8 39. Nd3 b6 40. Nb4
Ra8 41. Kf2 fxg4 42. fxg4 Ne8 43. Re2 Nc7 44. Kg3 Rh8 45. Re1 a5 46. Rf1+ Kg7
47. Nd3 Nd5 48. Re1 Kf6 49. Rf1+ Kg7 50. Re1 Kf6 51. Rf1+ 1/2-1/2

[Event "SR 2. liga A 2014/2015"]
[Site "?"]
[Date "2015.02.15"]
[Round "9.6"]
[White "Cibulka, Vladimir"]
[Black "Kleman, Miroslav"]
[Result "1/2-1/2"]
[WhiteElo "2207"]
[BlackElo "2230"]
[PlyCount "32"]
[EventDate "2014.??.??"]

1. d4 Nf6 2. Nf3 d5 3. Bg5 e6 4. e3 Be7 5. Nbd2 O-O 6. Bd3 Nbd7 7. O-O c5 8. c3
Qc7 9. Re1 b6 10. e4 dxe4 11. Nxe4 Bb7 12. Qe2 Rfe8 13. Rad1 Bxe4 14. Bxe4 Nxe4
15. Qxe4 Bxg5 16. Nxg5 Nf6 1/2-1/2

[Event "SR 2. liga A 2014/2015"]
[Site "?"]
[Date "2015.02.15"]
[Round "9.6"]
[White "Mydlarik, Martin"]
[Black "Takacs, Laszlo"]
[Result "1/2-1/2"]
[WhiteElo "2138"]
[BlackElo "2110"]
[PlyCount "104"]
[EventDate "2014.??.??"]

1. Nf3 Nf6 2. c4 g6 3. g3 Bg7 4. Bg2 O-O 5. Nc3 d6 6. O-O e5 7. e4 Nc6 8. d3
Ne8 9. Nd5 f5 10. Bg5 Nf6 11. Nd2 Nd4 12. f4 c6 13. Nxf6+ Bxf6 14. Bxf6 Rxf6
15. c5 exf4 16. gxf4 dxc5 17. e5 Rf7 18. Nc4 Be6 19. Nd6 Rc7 20. Rc1 Nb5 21.
Nxb5 cxb5 22. d4 cxd4 23. Rxc7 Qxc7 24. Qxd4 Rd8 25. Qxa7 Rd2 26. Qa8+ Kg7 27.
Qxb7 Qxb7 28. Bxb7 Rxb2 29. a3 Ra2 30. Rf3 Bc4 31. Re3 Kf7 32. Bg2 Rd2 33. Rc3
Ra2 34. Bc6 g5 35. fxg5 Ke6 36. Rh3 Kxe5 37. Rxh7 f4 38. Rb7 Kf5 39. Bxb5 Bd5
40. Rg7 Kg4 41. Rd7 Be4 42. g6 Bxg6 43. Rg7 Kh5 44. a4 f3 45. Rg8 Rg2+ 46. Kh1
Rg4 47. h3 Rf4 48. Kg1 f2+ 49. Kf1 Bf5 50. Kg2 Be4+ 51. Kf1 Bf5 52. Kg2 Be4+
1/2-1/2

[Event "SR 2. liga A 2014/2015"]
[Site "?"]
[Date "2015.02.15"]
[Round "9.6"]
[White "Kalmar, Tamas"]
[Black "Antol, Ladislav"]
[Result "1/2-1/2"]
[WhiteElo "1966"]
[BlackElo "2045"]
[PlyCount "44"]
[EventDate "2014.??.??"]

1. d4 Nf6 2. c4 e5 3. dxe5 Ng4 4. Nf3 Bc5 5. e3 Nc6 6. Be2 Ngxe5 7. Nxe5 Nxe5
8. O-O O-O 9. Nc3 d6 10. Na4 Be6 11. b3 a6 12. Nxc5 dxc5 13. Qxd8 Raxd8 14. Bb2
Nd3 15. Bc3 b5 16. cxb5 axb5 17. Ba5 c4 18. Bxc7 Rd7 19. Bxd3 Rxd3 20. bxc4
Bxc4 21. Rfc1 Ra8 22. Bb6 Rda3 1/2-1/2

[Event "SR 2. liga A 2014/2015"]
[Site "?"]
[Date "2015.02.15"]
[Round "9.6"]
[White "Karlik, Lukas"]
[Black "Meszaros, Lorant"]
[Result "1-0"]
[WhiteElo "1940"]
[BlackElo "2071"]
[PlyCount "69"]
[EventDate "2014.??.??"]

1. d4 f5 2. c4 Nf6 3. Nc3 g6 4. g3 Bg7 5. Bg2 O-O 6. Bf4 d6 7. Qb3 c6 8. c5+
Kh8 9. Nf3 Nh5 10. Rd1 Nxf4 11. gxf4 Na6 12. cxd6 exd6 13. Ng5 Qe7 14. h4 d5
15. h5 h6 16. hxg6 Nc7 17. Nf7+ Rxf7 18. gxf7 Ne6 19. Kf1 Nxf4 20. Bf3 Qxf7 21.
Na4 Qf6 22. Qa3 Be6 23. Qd6 Ng6 24. Nc5 Re8 25. Nxb7 Bf8 26. Qxc6 Rc8 27. Qa6
Nf4 28. e3 Ng6 29. Bxd5 Rb8 30. Qxe6 Qxe6 31. Bxe6 Rxb7 32. Bxf5 Ne7 33. Be6
Rxb2 34. Kg2 Kg7 35. Rb1 1-0

[Event "SR 2. liga A 2014/2015"]
[Site "?"]
[Date "2015.02.15"]
[Round "9.6"]
[White "Darazs, Zoltan"]
[Black "Sustak, Roman"]
[Result "1-0"]
[WhiteElo "2128"]
[BlackElo "1877"]
[PlyCount "99"]
[EventDate "2014.??.??"]

1. e4 e6 2. d4 d5 3. Nc3 Bb4 4. e5 c5 5. a3 Bxc3+ 6. bxc3 Ne7 7. Qg4 Ng6 8. h4
h5 9. Qg3 Nc6 10. Bd3 Nce7 11. a4 c4 12. Bxg6 Nxg6 13. Ba3 Bd7 14. Bc5 Rh6 15.
Nf3 Qa5 16. Bb4 Qc7 17. a5 f6 18. Bd6 Qd8 19. exf6 Qxf6 20. O-O Kf7 21. Rab1
Bc6 22. Rfe1 Re8 23. Re3 Kg8 24. Rbe1 Bd7 25. Ng5 Ne7 26. Bxe7 Qxe7 27. Qc7 Bc8
28. Qb8 a6 29. Re5 Qd7 30. R1e3 Rf6 31. Nf3 Ref8 32. Rxh5 Qa4 33. Rg5 Qxc2 34.
Qg3 Qb1+ 35. Kh2 Qh7 36. Ree5 Rf5 37. Rexf5 Rxf5 38. Rxf5 Qxf5 39. Qc7 Qf8 40.
Ne5 Kh7 41. Kg3 Kh6 42. Qf7 Qxf7 43. Nxf7+ Kg6 44. Nd6 Bd7 45. Nxb7 e5 46. dxe5
Kf5 47. Nc5 Bc8 48. f4 Kg6 49. Kf3 Kf7 50. Ke3 1-0

[Event "SR 2. liga A 2014/2015"]
[Site "?"]
[Date "2015.02.15"]
[Round "9.6"]
[White "Horvath, Marek"]
[Black "Vegh, Vince"]
[Result "1/2-1/2"]
[WhiteElo "1817"]
[BlackElo "1919"]
[PlyCount "63"]
[EventDate "2014.??.??"]

1. e4 c5 2. c3 e5 3. d4 cxd4 4. cxd4 exd4 5. Qxd4 Nc6 6. Qd1 g6 7. g3 Bg7 8.
Bg2 Nf6 9. Ne2 O-O 10. O-O Re8 11. Nbc3 b6 12. Bg5 Bb7 13. Nd5 Na5 14. Nec3 Rc8
15. Re1 h6 16. Bxf6 Bxf6 17. Nxf6+ Qxf6 18. Qxd7 Red8 19. Qb5 Rd2 20. Re2 a6
21. e5 axb5 22. exf6 Rxe2 23. Nxe2 Bxg2 24. Kxg2 Rc2 25. Nf4 Rxb2 26. Rd1 g5
27. Rd8+ Kh7 28. Ne6 Nc6 29. Nf8+ Kg8 30. Ra8 Rd2 31. Ne6+ Kh7 32. Nf8+ 1/2-1/2